| 000 | 00682nam a22002537a 4500 | ||
|---|---|---|---|
| 003 | OSt | ||
| 005 | 20220107122836.0 | ||
| 008 | 180207b xxu||||| |||| 00| 0 eng d | ||
| 020 | _a9781316638491 | ||
| 040 | _cIIITMK | ||
| 050 | _a006.312 LES/M;1 | ||
| 100 |
_aLeskovec, Jure _913615 |
||
| 245 | _aMining of massive datasets | ||
| 250 | _a2 | ||
| 260 |
_aDelhi, _bCambridge University Press, _c2012. |
||
| 300 | _axi,467p | ||
| 650 |
_aDATA MINING _913616 |
||
| 650 |
_aMACHINE LEARNING _913617 |
||
| 650 |
_aWEB TECHNOLOGIES _913618 |
||
| 650 |
_aCOMPUTER SCIENCE _913619 |
||
| 700 |
_aRajaraman, Anand _913620 |
||
| 710 |
_aUllman, Jeffrey David _913621 |
||
| 942 |
_2ddc _cBK |
||
| 999 |
_c5967 _d5967 |
||